| 000 | 00673nam a22002052 4500 | ||
|---|---|---|---|
| 001 | 0000007293 | ||
| 005 | 20151217152028.0 | ||
| 008 | 071221s xx 000 0 eng d | ||
| 020 |
_a1403911320 : _cKES 1462.50 |
||
| 040 |
_aKABU _cKABU |
||
| 100 | 1 |
_aCottrell, Stella. _@0000158192 |
|
| 245 | 1 | 0 |
_aSkills for success : _bthe personal development planning handbook / _cStella Cottrell. |
| 260 |
_aBasingstoke, England : _bPalgrave Macmillan, _c2003. |
||
| 300 | _axv, 296 p. | ||
| 650 | 0 |
_aVocational guidance. _@0000157388 |
|
| 908 | _a071221 | ||
| 950 | _@1 | ||
| 999 |
_c7481 _d7481 |
||